000
00267pam a2200145 a 4500
020
_c
041
_h
100
_a
Scott Jarol
245
_a
Visual Basic Multimedia
250
_a
Ist
260
_c
1995
300
_a
548
653
_a
Computer
930
_a
923
999
_c
246776
_d
246776